000 00495nam a22001457a 4500
020 _a0-590-42007-0
082 _a823
_bMAR/D
100 _aANN M MARTIN
245 _aTHE BABYSITTERS CLUB
_bDAWN ON THE COAST
260 _aUSA
_bSCHOLASTIC INC
_c1989
300 _a153
520 _aIT'S DAWN'S FIRST VISIT SINCE HER BROTHER, JEFF, MOVED BACK TO LIVE WITH THEIR DAD. DAWN'S A CALIFORNIA GIRL AT HEART - BUT COULD SHE REALLY LEAVE STONEYBROOK FOR GOOD
650 _aDAWN ON THE COAST
942 _cBK
999 _c477
_d477